[Event "2nd Easter 4NCL Congress"]
[Site "Daventry"]
[Date "2022.04.16"]
[Round "2"]
[Board "4"]
[White "Turner, Max N"]
[Black "Ireland, David J"]
[Result "1-0"]
[WhiteElo "2366"]
[BlackElo "2109"]
[PlyCount "0"]
[EventDate "2022.04.15"]
[EventRounds "7"]
[EventCountry "ENG"]

1. d4 {[%clk 01:30:57]} {[%emt 00:00:03]} Nf6 {[%clk 01:20:55]} {[%emt
00:10:06]} 2. c4 {[%clk 01:31:02]} {[%emt 00:00:24]} c5 {[%clk 01:21:19]}
{[%emt 00:00:07]} 3. d5 {[%clk 01:31:03]} {[%emt 00:00:28]} b5 {[%clk
01:21:35]} {[%emt 00:00:15]} 4. cxb5 {[%clk 01:31:03]} {[%emt 00:00:30]} a6
{[%clk 01:21:35]} {[%emt 00:00:29]} 5. b6 {[%clk 01:31:18]} {[%emt 00:00:15]}
Qxb6 {[%clk 01:20:06]} {[%emt 00:01:58]} 6. Nc3 {[%clk 01:31:22]} {[%emt
00:00:27]} g6 {[%clk 01:19:58]} {[%emt 00:00:37]} 7. Nf3 {[%clk 01:31:25]}
{[%emt 00:00:28]} Bg7 {[%clk 01:19:47]} {[%emt 00:00:40]} 8. e4 {[%clk
01:31:08]} {[%emt 00:00:48]} d6 {[%clk 01:20:04]} {[%emt 00:00:13]} 9. Be2
{[%clk 01:30:55]} {[%emt 00:00:42]} Nbd7 {[%clk 01:19:13]} {[%emt 00:01:22]} 10.
Nd2 {[%clk 01:31:01]} {[%emt 00:00:24]} O-O {[%clk 01:18:34]} {[%emt 00:01:08]}
11. Nc4 {[%clk 01:31:03]} {[%emt 00:00:28]} Qb8 {[%clk 01:15:29]} {[%emt
00:03:36]} 12. Bf4 {[%clk 01:29:29]} {[%emt 00:02:04]} a5 {[%clk 01:13:55]}
{[%emt 00:02:04]} 13. Qd2 {[%clk 01:25:14]} {[%emt 00:04:45]} Nb6 {[%clk
01:10:48]} {[%emt 00:03:37]} 14. Ne3 {[%clk 01:21:31]} {[%emt 00:04:12]} Ba6
{[%clk 00:58:04]} {[%emt 00:13:15]} 15. Bxa6 {[%clk 01:20:29]} {[%emt
00:01:32]} Rxa6 {[%clk 00:58:28]} {[%emt 00:00:06]} 16. a4 {[%clk 01:19:07]}
{[%emt 00:01:52]} Nfd7 {[%clk 00:53:07]} {[%emt 00:05:51]} 17. O-O {[%clk
01:07:02]} {[%emt 00:12:34]} Ne5 {[%clk 00:48:10]} {[%emt 00:05:27]} 18. Qe2
{[%clk 01:01:38]} {[%emt 00:05:54]} c4 {[%clk 00:47:45]} {[%emt 00:00:55]} 19.
Bxe5 {[%clk 00:58:38]} {[%emt 00:03:30]} Bxe5 {[%clk 00:48:11]} {[%emt
00:00:04]} 20. Nxc4 {[%clk 00:58:21]} {[%emt 00:00:47]} Nxc4 {[%clk 00:48:35]}
{[%emt 00:00:06]} 21. Qxc4 {[%clk 00:58:43]} {[%emt 00:00:08]} Rb6 {[%clk
00:48:48]} {[%emt 00:00:17]} 22. Nb5 {[%clk 00:57:41]} {[%emt 00:01:33]} Bxb2
{[%clk 00:47:48]} {[%emt 00:01:30]} 23. Rab1 {[%clk 00:53:52]} {[%emt
00:04:19]} Rc8 {[%clk 00:46:17]} {[%emt 00:02:00]} 24. Qd3 {[%clk 00:53:33]}
{[%emt 00:00:49]} Bf6 {[%clk 00:45:10]} {[%emt 00:01:37]} 25. Qd2 {[%clk
00:52:58]} {[%emt 00:01:05]} Rc4 {[%clk 00:43:39]} {[%emt 00:02:01]} 26. Qxa5
{[%clk 00:49:18]} {[%emt 00:04:10]} Rxe4 {[%clk 00:38:02]} {[%emt 00:06:07]} 27.
Rfe1 {[%clk 00:37:34]} {[%emt 00:12:15]} Rd4 {[%clk 00:33:46]} {[%emt
00:04:46]} 28. Red1 {[%clk 00:25:55]} {[%emt 00:12:08]} Re4 {[%clk 00:30:45]}
{[%emt 00:03:31]} 29. Re1 {[%clk 00:14:32]} {[%emt 00:11:54]} Rd4 {[%clk
00:28:15]} {[%emt 00:02:58]} 30. Red1 {[%clk 00:08:10]} {[%emt 00:06:53]} Re4
{[%clk 00:27:53]} {[%emt 00:00:51]} 31. g3 {[%clk 00:08:22]} {[%emt 00:00:20]}
h5 {[%clk 00:25:11]} {[%emt 00:03:11]} 32. Re1 {[%clk 00:06:41]} {[%emt
00:02:11]} Rd4 {[%clk 00:24:11]} {[%emt 00:01:30]} 33. Nxd4 {[%clk 00:04:57]}
{[%emt 00:02:15]} Rxb1 {[%clk 00:24:12]} {[%emt 00:00:29]} 34. Nb5 {[%clk
00:05:04]} {[%emt 00:00:23]} Rxe1+ {[%clk 00:23:08]} {[%emt 00:01:33]} 35. Qxe1
{[%clk 00:05:30]} {[%emt 00:00:04]} Qa8 {[%clk 00:23:06]} {[%emt 00:00:32]} 36.
Qe4 {[%clk 00:05:46]} {[%emt 00:00:15]} Qa5 {[%clk 00:22:54]} {[%emt 00:00:40]}
37. Kg2 {[%clk 00:05:28]} {[%emt 00:00:50]} Qd2 {[%emt 00:03:05]} 38. h4 {[%clk
00:05:39]} Qa5 {[%clk 00:20:25]} {[%emt 00:00:42]} 39. Qc4 {[%clk 00:04:09]}
{[%emt 00:02:00]} Kg7 {[%clk 00:15:49]} {[%emt 00:05:06]} 40. Nd4 {[%clk
00:04:15]} {[%emt 00:00:23]} Bxd4 {[%clk 00:11:17]} {[%emt 00:05:02]} 41. Qxd4+
{[%clk 00:04:41]} {[%emt 00:00:04]} f6 {[%clk 00:11:15]} {[%emt 00:00:32]} 42.
Qc4 {[%clk 00:03:44]} {[%emt 00:01:27]} Qe1 {[%clk 00:11:07]} {[%emt 00:00:37]}
43. Qd4 {[%clk 00:03:11]} {[%emt 00:01:04]} Qa5 {[%clk 00:11:12]} {[%emt
00:00:26]} 44. Qc4 {[%clk 00:01:16]} {[%emt 00:02:25]} Qe1 {[%clk 00:11:24]}
{[%emt 00:00:17]} 45. Qb5 {[%clk 00:01:39]} {[%emt 00:00:08]} Qe4+ {[%clk
00:11:42]} {[%emt 00:00:11]} 46. Kh2 {[%clk 00:02:05]} {[%emt 00:00:05]} Qd4
{[%clk 00:11:13]} {[%emt 00:00:58]} 47. Kg1 {[%clk 00:02:25]} {[%emt 00:00:11]}
g5 {[%clk 00:08:55]} {[%emt 00:02:47]} 48. hxg5 {[%clk 00:01:53]} {[%emt
00:01:02]} fxg5 {[%clk 00:09:10]} {[%emt 00:00:15]} 49. Qe2 {[%clk 00:01:10]}
{[%emt 00:01:13]} Qxd5 {[%clk 00:06:18]} {[%emt 00:03:21]} 50. Qxe7+ {[%clk
00:01:34]} {[%emt 00:00:07]} Kg6 {[%clk 00:06:33]} {[%emt 00:00:14]} 51. Qe8+
{[%clk 00:01:55]} {[%emt 00:00:10]} Kf6 {[%clk 00:06:33]} {[%emt 00:00:29]} 52.
Qxh5 {[%clk 00:02:02]} {[%emt 00:00:23]} Qa2 {[%clk 00:05:13]} {[%emt
00:01:49]} 53. Qh8+ {[%clk 00:01:51]} {[%emt 00:00:42]} Kf5 {[%clk 00:05:17]}
{[%emt 00:00:26]} 54. Qd4 {[%clk 00:02:02]} {[%emt 00:00:20]} d5 {[%clk
00:05:12]} {[%emt 00:00:34]} 55. Kg2 {[%clk 00:00:59]} {[%emt 00:01:33]} Ke6
{[%clk 00:04:04]} {[%emt 00:01:38]} 56. Qb6+ {[%clk 00:01:20]} {[%emt
00:00:09]} Ke5 {[%clk 00:04:17]} {[%emt 00:00:17]} 57. a5 {[%clk 00:01:37]}
{[%emt 00:00:14]} d4 {[%clk 00:04:16]} {[%emt 00:00:29]} 58. Qc5+ {[%clk
00:00:57]} {[%emt 00:01:11]} Ke4 {[%clk 00:02:34]} {[%emt 00:02:11]} 59. Qxg5
{[%clk 00:01:10]} {[%emt 00:00:19]} Kd3 {[%clk 00:01:41]} {[%emt 00:01:23]} 60.
Qb5+ {[%clk 00:01:18]} {[%emt 00:00:22]} Kd2 {[%clk 00:01:17]} {[%emt
00:00:54]} 61. a6 {[%clk 00:01:20]} {[%emt 00:00:28]} d3 {[%clk 00:01:03]}
{[%emt 00:00:43]} 62. Qb7 {[%clk 00:00:57]} {[%emt 00:00:54]} Ke1 {[%clk
00:00:59]} {[%emt 00:00:33]} 63. Qe4+ {[%clk 00:01:15]} {[%emt 00:00:12]} Kd2
{[%clk 00:01:20]} {[%emt 00:00:09]} 64. Qe3+ {[%clk 00:01:39]} {[%emt
00:00:06]} Kc2 {[%clk 00:01:23]} {[%emt 00:00:27]} 65. a7 {[%clk 00:01:52]}
{[%emt 00:00:18]} d2 {[%clk 00:01:10]} {[%emt 00:00:42]} 66. Qe4+ {[%clk
00:02:12]} {[%emt 00:00:10]} Kc1 {[%clk 00:01:08]} {[%emt 00:00:31]} 67. a8=Q
{[%clk 00:02:33]} {[%emt 00:00:10]}  1-0

[Event "2nd Easter 4NCL Congress"]
[Site "Daventry"]
[Date "2022.04.16"]
[Round "2"]
[Board "5"]
[White "James, Russell A"]
[Black "Bezuidenhout, Roland"]
[Result "1/2-1/2"]
[WhiteElo "2140"]
[BlackElo "2332"]
[PlyCount "0"]
[EventDate "2022.04.15"]
[EventRounds "7"]
[EventCountry "ENG"]

1. e4 {[%clk 01:30:49]} {[%emt 00:00:09]} d6 {[%clk 01:30:05]} {[%emt
00:00:55]} 2. d4 {[%clk 01:30:55]} {[%emt 00:00:24]} Nf6 {[%clk 01:30:22]}
{[%emt 00:00:13]} 3. Nc3 {[%clk 01:31:05]} {[%emt 00:00:20]} e5 {[%clk
01:29:32]} {[%emt 00:01:21]} 4. Nf3 {[%clk 01:31:14]} {[%emt 00:00:21]} Nbd7
{[%clk 01:29:52]} {[%emt 00:00:10]} 5. Bc4 {[%clk 01:29:51]} {[%emt 00:01:52]}
Be7 {[%clk 01:30:16]} {[%emt 00:00:07]} 6. dxe5 {[%clk 01:29:00]} {[%emt
00:01:21]} dxe5 {[%clk 01:30:20]} {[%emt 00:00:26]} 7. Bxf7+ {[%clk 01:27:19]}
{[%emt 00:02:11]} Kxf7 {[%clk 01:30:45]} {[%emt 00:00:04]} 8. Ng5+ {[%clk
01:27:41]} {[%emt 00:00:08]} Kg8 {[%clk 01:31:10]} {[%emt 00:00:06]} 9. Ne6
{[%clk 01:27:51]} {[%emt 00:00:20]} Qe8 {[%clk 01:31:37]} {[%emt 00:00:03]} 10.
Nxc7 {[%clk 01:27:49]} {[%emt 00:00:32]} Qg6 {[%clk 01:32:02]} {[%emt
00:00:04]} 11. Nxa8 {[%clk 01:28:02]} {[%emt 00:00:17]} Qxg2 {[%clk 01:32:24]}
{[%emt 00:00:08]} 12. Rf1 {[%clk 01:28:13]} {[%emt 00:00:19]} Nc5 {[%clk
01:28:37]} {[%emt 00:04:17]} 13. Qe2 {[%clk 01:19:11]} {[%emt 00:09:32]} Bh3
{[%clk 01:23:14]} {[%emt 00:05:54]} 14. Be3 {[%clk 01:14:23]} {[%emt 00:05:19]}
Qxf1+ {[%clk 01:22:07]} {[%emt 00:01:37]} 15. Qxf1 {[%clk 01:14:47]} {[%emt
00:00:05]} Bxf1 {[%clk 01:22:30]} {[%emt 00:00:07]} 16. Kxf1 {[%clk 01:15:00]}
{[%emt 00:00:17]} Kf7 {[%clk 01:16:51]} {[%emt 00:06:09]} 17. Nc7 {[%clk
01:14:53]} {[%emt 00:00:36]} Nfxe4 {[%clk 01:12:58]} {[%emt 00:04:24]} 18. Nxe4
{[%clk 01:10:08]} {[%emt 00:05:15]} Nxe4 {[%clk 01:13:22]} {[%emt 00:00:05]} 19.
Nd5 {[%clk 01:10:18]} {[%emt 00:00:19]}  1/2-1/2

[Event "2nd Easter 4NCL Congress"]
[Site "Daventry"]
[Date "2022.04.16"]
[Round "2"]
[Board "6"]
[White "Dignam, Matthew P"]
[Black "White, Stuart A"]
[Result "1/2-1/2"]
[WhiteElo "2314"]
[BlackElo "2097"]
[PlyCount "0"]
[EventDate "2022.04.15"]
[EventRounds "7"]
[EventCountry "ENG"]

1. d4 {[%clk 01:30:52]} {[%emt 00:00:06]} d5 {[%clk 01:30:57]} {[%emt
00:00:05]} 2. Nc3 {[%clk 01:30:22]} {[%emt 00:00:59]} Nf6 {[%clk 01:31:19]}
{[%emt 00:00:08]} 3. Bg5 {[%clk 01:30:30]} {[%emt 00:00:21]} Bf5 {[%clk
01:31:18]} {[%emt 00:00:32]} 4. Bxf6 {[%clk 01:25:56]} {[%emt 00:05:03]} exf6
{[%clk 01:28:44]} {[%emt 00:03:06]} 5. e4 {[%clk 01:24:17]} {[%emt 00:02:08]}
dxe4 {[%clk 01:23:35]} {[%emt 00:05:40]} 6. Qe2 {[%clk 01:24:13]} {[%emt
00:00:32]} Be7 {[%clk 01:08:51]} {[%emt 00:15:15]} 7. Qb5+ {[%clk 01:18:18]}
{[%emt 00:06:24]} Bd7 {[%clk 01:09:13]} {[%emt 00:00:09]} 8. Qxb7 {[%clk
01:17:01]} {[%emt 00:01:46]} Nc6 {[%clk 01:08:25]} {[%emt 00:01:19]} 9. O-O-O
{[%clk 00:47:02]} {[%emt 00:30:29]} Rb8 {[%clk 01:04:20]} {[%emt 00:04:36]} 10.
Qa6 {[%clk 00:44:58]} {[%emt 00:02:33]} f5 {[%clk 00:48:02]} {[%emt 00:16:49]}
11. g4 {[%clk 00:35:36]} {[%emt 00:09:51]} Rb6 {[%clk 00:30:19]} {[%emt
00:18:14]} 12. Qe2 {[%clk 00:26:29]} {[%emt 00:09:37]} Qb8 {[%clk 00:27:14]}
{[%emt 00:03:35]} 13. b3 {[%clk 00:23:38]} {[%emt 00:03:21]} Nb4 {[%clk
00:24:31]} {[%emt 00:03:13]} 14. gxf5 {[%clk 00:12:09]} {[%emt 00:11:58]} Bxf5
{[%clk 00:22:09]} {[%emt 00:02:53]} 15. Na4 {[%clk 00:06:45]} {[%emt 00:05:53]}
Rd6 {[%clk 00:12:56]} {[%emt 00:09:44]} 16. a3 {[%clk 00:04:51]} {[%emt
00:02:25]} Nd5 {[%clk 00:11:10]} {[%emt 00:02:15]} 17. Qb5+ {[%clk 00:04:39]}
{[%emt 00:00:42]} Qxb5 {[%clk 00:11:35]} {[%emt 00:00:06]} 18. Bxb5+ {[%clk
00:05:01]} {[%emt 00:00:07]} c6 {[%clk 00:10:47]} {[%emt 00:01:19]} 19. Bc4
{[%clk 00:03:09]} {[%emt 00:02:22]} Nb6 {[%clk 00:09:37]} {[%emt 00:01:39]} 20.
Nxb6 {[%clk 00:02:59]} {[%emt 00:00:40]} axb6 {[%clk 00:10:05]} {[%emt
00:00:04]} 21. b4 {[%clk 00:02:22]} {[%emt 00:01:05]} b5 {[%clk 00:09:40]}
{[%emt 00:00:55]} 22. Bb3 {[%clk 00:02:35]} {[%emt 00:00:17]} e3 {[%clk
00:06:21]} {[%emt 00:03:50]} 23. f3 {[%clk 00:02:03]} {[%emt 00:01:01]} O-O
{[%emt 00:02:15]} 24. Ne2 {[%clk 00:02:24]} Rh6 {[%clk 00:02:50]} {[%emt
00:02:25]}  1/2-1/2

[Event "2nd Easter 4NCL Congress"]
[Site "Daventry"]
[Date "2022.04.16"]
[Round "2"]
[Board "7"]
[White "Gibson, Christopher A"]
[Black "Bin-Suhayl, Ieysaa"]
[Result "0-1"]
[WhiteElo "1899"]
[BlackElo "2309"]
[PlyCount "0"]
[EventDate "2022.04.15"]
[EventRounds "7"]
[EventCountry "ENG"]

1. e4 {[%clk 01:30:56]} {[%emt 00:00:02]} e5 {[%clk 01:29:41]} {[%emt
00:01:19]} 2. Nf3 {[%clk 01:31:16]} {[%emt 00:00:11]} Nc6 {[%clk 01:30:09]}
{[%emt 00:00:03]} 3. Bc4 {[%clk 01:31:36]} {[%emt 00:00:09]} Nf6 {[%clk
01:27:54]} {[%emt 00:02:46]} 4. d3 {[%clk 01:31:58]} {[%emt 00:00:07]} Bc5
{[%clk 01:28:20]} {[%emt 00:00:04]} 5. O-O {[%clk 01:31:21]} {[%emt 00:01:07]}
d6 {[%clk 01:28:13]} {[%emt 00:00:38]} 6. c3 {[%clk 01:31:35]} {[%emt
00:00:15]} a6 {[%clk 01:24:18]} {[%emt 00:04:25]} 7. a4 {[%clk 01:31:59]}
{[%emt 00:00:07]} Ba7 {[%clk 01:24:18]} {[%emt 00:00:30]} 8. Re1 {[%clk
01:32:03]} {[%emt 00:00:25]} h6 {[%clk 01:23:52]} {[%emt 00:00:56]} 9. h3
{[%clk 01:30:59]} {[%emt 00:01:34]} g5 {[%clk 01:17:04]} {[%emt 00:07:19]} 10.
Be3 {[%clk 01:21:50]} {[%emt 00:09:38]} g4 {[%clk 01:16:27]} {[%emt 00:01:07]}
11. hxg4 {[%clk 01:21:17]} {[%emt 00:01:02]} Bxg4 {[%clk 01:07:48]} {[%emt
00:09:10]} 12. Nbd2 {[%clk 01:19:15]} {[%emt 00:02:31]} Qd7 {[%clk 01:03:43]}
{[%emt 00:04:36]} 13. Bxa7 {[%clk 01:17:53]} {[%emt 00:01:52]} Rxa7 {[%clk
01:03:43]} {[%emt 00:00:30]} 14. d4 {[%clk 01:02:15]} {[%emt 00:16:08]} O-O
{[%clk 00:42:29]} {[%emt 00:21:44]} 15. dxe5 {[%clk 00:58:21]} {[%emt
00:04:23]} Nxe5 {[%clk 00:31:13]} {[%emt 00:11:47]} 16. Nxe5 {[%clk 00:58:20]}
{[%emt 00:00:31]} dxe5 {[%clk 00:31:42]} {[%emt 00:00:02]} 17. f3 {[%clk
00:56:57]} {[%emt 00:01:51]} Be6 {[%clk 00:31:11]} {[%emt 00:01:02]} 18. Qe2
{[%clk 00:52:29]} {[%emt 00:04:57]} Raa8 {[%clk 00:29:22]} {[%emt 00:02:20]} 19.
Nf1 {[%clk 00:32:09]} {[%emt 00:20:49]} Kh7 {[%clk 00:28:23]} {[%emt 00:01:30]}
20. Ne3 {[%clk 00:21:53]} {[%emt 00:10:46]} Nh5 {[%clk 00:28:06]} {[%emt
00:00:47]} 21. Bxe6 {[%clk 00:17:28]} {[%emt 00:04:55]} Qxe6 {[%clk 00:28:28]}
{[%emt 00:00:08]} 22. Qf2 {[%clk 00:17:03]} {[%emt 00:00:54]} Nf4 {[%clk
00:26:26]} {[%emt 00:02:32]} 23. Qh4 {[%clk 00:15:35]} {[%emt 00:01:58]} Rg8
{[%clk 00:25:15]} {[%emt 00:01:43]} 24. Rad1 {[%clk 00:14:41]} {[%emt
00:01:23]} Rg5 {[%clk 00:19:55]} {[%emt 00:05:50]} 25. Rd2 {[%clk 00:09:16]}
{[%emt 00:05:54]} Rag8 {[%clk 00:19:33]} {[%emt 00:00:53]} 26. Ng4 {[%clk
00:04:58]} {[%emt 00:04:47]} Rxg4 {[%clk 00:15:55]} {[%emt 00:04:09]} 27. fxg4
{[%clk 00:05:18]} {[%emt 00:00:09]} Rxg4 {[%clk 00:16:23]} {[%emt 00:00:03]} 28.
Qh2 {[%clk 00:04:10]} {[%emt 00:01:38]} Qg6 {[%clk 00:13:39]} {[%emt 00:03:13]}
29. Re3 {[%clk 00:03:58]} {[%emt 00:00:42]} Qb6 {[%clk 00:13:48]} {[%emt
00:00:22]} 30. Kf2 {[%clk 00:00:53]} {[%emt 00:03:35]} Rxg2+ {[%clk 00:14:07]}
{[%emt 00:00:10]}  0-1

[Event "2nd Easter 4NCL Congress"]
[Site "Daventry"]
[Date "2022.04.16"]
[Round "2"]
[Board "8"]
[White "Okhai, Shabir"]
[Black "Skettos, Nicolas"]
[Result "1-0"]
[WhiteElo "2267"]
[BlackElo "2067"]
[PlyCount "0"]
[EventDate "2022.04.15"]
[EventRounds "7"]
[EventCountry "ENG"]

1. e4 {[%clk 01:30:58]} {[%emt 00:00:01]} e6 {[%clk 01:30:39]} {[%emt
00:00:20]} 2. d4 {[%clk 01:31:25]} {[%emt 00:00:05]} d5 {[%clk 01:31:06]}
{[%emt 00:00:03]} 3. Nc3 {[%clk 01:31:51]} {[%emt 00:00:03]} Nf6 {[%clk
01:30:52]} {[%emt 00:00:44]} 4. e5 {[%clk 01:32:08]} {[%emt 00:00:14]} Nfd7
{[%clk 01:31:20]} {[%emt 00:00:02]} 5. f4 {[%clk 01:32:32]} {[%emt 00:00:05]}
c5 {[%clk 01:31:47]} {[%emt 00:00:03]} 6. Nf3 {[%clk 01:32:59]} {[%emt
00:00:04]} Be7 {[%clk 01:31:49]} {[%emt 00:00:28]} 7. Be3 {[%clk 01:32:55]}
{[%emt 00:00:34]} Nc6 {[%clk 01:24:30]} {[%emt 00:07:49]} 8. Qd2 {[%clk
01:33:10]} {[%emt 00:00:15]} O-O {[%clk 01:24:57]} {[%emt 00:00:03]} 9. dxc5
{[%clk 01:33:28]} {[%emt 00:00:11]} Qa5 {[%clk 01:25:24]} {[%emt 00:00:03]} 10.
O-O-O {[%clk 01:33:44]} {[%emt 00:00:14]} Nxc5 {[%clk 01:21:39]} {[%emt
00:04:16]} 11. Kb1 {[%clk 01:31:15]} {[%emt 00:02:58]} a6 {[%clk 01:13:15]}
{[%emt 00:08:56]} 12. Qf2 {[%clk 01:27:08]} {[%emt 00:04:36]} Bd7 {[%clk
01:09:04]} {[%emt 00:04:41]} 13. f5 {[%clk 01:22:54]} {[%emt 00:04:44]} exf5
{[%clk 01:00:55]} {[%emt 00:08:38]} 14. Nxd5 {[%clk 01:18:53]} {[%emt
00:04:32]} Ne4 {[%clk 00:59:53]} {[%emt 00:01:32]} 15. Nxe7+ {[%clk 01:15:31]}
{[%emt 00:03:51]} Nxe7 {[%clk 01:00:01]} {[%emt 00:00:22]} 16. Qe1 {[%clk
01:14:13]} {[%emt 00:01:48]} Qc7 {[%clk 00:53:12]} {[%emt 00:07:19]} 17. Bd3
{[%clk 01:11:11]} {[%emt 00:03:32]} Rac8 {[%clk 00:47:05]} {[%emt 00:06:37]} 18.
h4 {[%clk 01:01:40]} {[%emt 00:10:01]} Ba4 {[%clk 00:33:28]} {[%emt 00:14:07]}
19. Rc1 {[%clk 00:59:57]} {[%emt 00:02:14]} Nd5 {[%clk 00:27:59]} {[%emt
00:05:59]} 20. Bd4 {[%clk 00:55:07]} {[%emt 00:05:19]} Bc6 {[%clk 00:26:49]}
{[%emt 00:01:40]} 21. Ng5 {[%clk 00:51:56]} {[%emt 00:03:41]} Nf4 {[%clk
00:17:46]} {[%emt 00:09:33]} 22. Bxe4 {[%clk 00:44:02]} {[%emt 00:08:24]} fxe4
{[%clk 00:17:12]} {[%emt 00:01:05]} 23. Bc5 {[%clk 00:38:30]} {[%emt 00:06:01]}
Rfe8 {[%clk 00:12:54]} {[%emt 00:04:48]} 24. Bd6 {[%clk 00:38:20]} {[%emt
00:00:39]} Qd7 {[%clk 00:13:13]} {[%emt 00:00:11]} 25. Rf1 {[%clk 00:34:45]}
{[%emt 00:04:06]} Qg4 {[%clk 00:11:42]} {[%emt 00:02:01]} 26. Qf2 {[%clk
00:32:50]} {[%emt 00:02:24]} h6 {[%clk 00:10:53]} {[%emt 00:01:19]} 27. Nxf7
{[%clk 00:29:49]} {[%emt 00:03:32]} Nxg2 {[%clk 00:08:05]} {[%emt 00:03:18]} 28.
Nxh6+ {[%clk 00:27:24]} {[%emt 00:02:55]} gxh6 {[%clk 00:08:34]} {[%emt
00:00:01]} 29. Qf7+ {[%clk 00:27:16]} {[%emt 00:00:38]} Kh8 {[%clk 00:09:03]}
30. Rf6 {[%clk 00:26:18]} {[%emt 00:01:29]} Qg7 {[%clk 00:08:44]} {[%emt
00:00:49]} 31. Qh5 {[%clk 00:25:26]} {[%emt 00:01:20]} Nf4 {[%clk 00:06:43]}
{[%emt 00:02:33]} 32. Rxf4 {[%clk 00:25:12]} {[%emt 00:00:44]} Bd5 {[%clk
00:06:45]} {[%emt 00:00:28]} 33. Rg4 {[%clk 00:23:43]} {[%emt 00:01:59]} Qh7
{[%clk 00:06:53]} {[%emt 00:00:21]} 34. e6 {[%clk 00:23:10]} {[%emt 00:01:03]}
Rxe6 {[%clk 00:04:52]} {[%emt 00:02:32]} 35. Be5+ {[%clk 00:23:29]} {[%emt
00:00:11]}  1-0

[Event "2nd Easter 4NCL Congress"]
[Site "Daventry"]
[Date "2022.04.16"]
[Round "2"]
[Board "9"]
[White "Fallowfield, Jeremy R"]
[Black "Murawski, Jan"]
[Result "1-0"]
[WhiteElo "2235"]
[BlackElo "1852"]
[PlyCount "0"]
[EventDate "2022.04.15"]
[EventRounds "7"]
[EventCountry "ENG"]

1. d4 {[%clk 01:30:54]} {[%emt 00:00:05]} Nf6 {[%clk 01:30:54]} {[%emt
00:00:06]} 2. c4 {[%clk 01:31:17]} {[%emt 00:00:07]} e6 {[%clk 01:31:18]}
{[%emt 00:00:05]} 3. g3 {[%clk 01:31:31]} {[%emt 00:00:17]} Bb4+ {[%clk
01:27:52]} {[%emt 00:03:56]} 4. Nd2 {[%clk 01:31:54]} {[%emt 00:00:07]} c5
{[%clk 01:27:05]} {[%emt 00:01:18]} 5. a3 {[%clk 01:32:18]} {[%emt 00:00:06]}
Bxd2+ {[%clk 01:26:13]} {[%emt 00:01:21]} 6. Qxd2 {[%clk 01:32:45]} {[%emt
00:00:03]} cxd4 {[%clk 01:22:20]} {[%emt 00:04:24]} 7. Nf3 {[%clk 01:33:10]}
{[%emt 00:00:05]} b6 {[%clk 01:18:05]} {[%emt 00:04:44]} 8. Bg2 {[%clk
01:28:04]} {[%emt 00:05:35]} Bb7 {[%clk 01:17:13]} {[%emt 00:01:22]} 9. Qxd4
{[%clk 01:27:35]} {[%emt 00:01:00]} Nc6 {[%clk 00:58:42]} {[%emt 00:19:01]} 10.
Qh4 {[%clk 01:24:01]} {[%emt 00:04:04]} Ne5 {[%clk 00:52:49]} {[%emt 00:06:23]}
11. O-O {[%clk 01:19:12]} {[%emt 00:05:19]} Nxf3+ {[%clk 00:47:42]} {[%emt
00:05:37]} 12. Bxf3 {[%clk 01:14:48]} {[%emt 00:04:54]} Bxf3 {[%clk 00:43:45]}
{[%emt 00:04:28]} 13. exf3 {[%clk 01:15:15]} {[%emt 00:00:02]} d5 {[%clk
00:42:40]} {[%emt 00:01:35]} 14. Rd1 {[%clk 01:13:20]} {[%emt 00:02:25]} Rc8
{[%clk 00:32:53]} {[%emt 00:10:18]} 15. b3 {[%clk 01:07:54]} {[%emt 00:05:56]}
Qe7 {[%clk 00:30:15]} {[%emt 00:03:06]} 16. a4 {[%clk 01:06:43]} {[%emt
00:01:42]} dxc4 {[%clk 00:19:30]} {[%emt 00:11:16]} 17. Ba3 {[%clk 01:06:16]}
{[%emt 00:00:56]} Qb7 {[%clk 00:15:34]} {[%emt 00:04:26]} 18. Kg2 {[%clk
00:59:30]} {[%emt 00:07:17]} c3 {[%clk 00:14:41]} {[%emt 00:01:24]} 19. Rac1
{[%clk 00:58:18]} {[%emt 00:01:40]} Nd5 {[%clk 00:12:08]} {[%emt 00:03:04]} 20.
Rxd5 {[%clk 00:58:11]} {[%emt 00:00:36]}  1-0